Careers in accountancy. / (Record no. 2433)

MARC details
000 -LEADER
fixed length control field 00780nam a22001817a 4500
008 - FIXED-LENGTH DATA ELEMENTS--GENERAL INFORMATION
fixed length control field 121012t xxu||||| |||| 00| 0 eng d
020 ## - INTERNATIONAL STANDARD BOOK NUMBER
International Standard Book Number 0749430486
050 ## - LIBRARY OF CONGRESS CALL NUMBER
Classification number HF5616.U5 T21
100 ## - MAIN ENTRY--PERSONAL NAME
Personal name Taylor, Felicity
245 ## - TITLE STATEMENT
Title Careers in accountancy. /
Statement of responsibility, etc. Felicity Taylor
250 ## - EDITION STATEMENT
Edition statement 7th ed.
260 ## - PUBLICATION, DISTRIBUTION, ETC.
Place of publication, distribution, etc. London:
Name of publisher, distributor, etc. Kogan Page,
Date of publication, distribution, etc. c1999.
300 ## - PHYSICAL DESCRIPTION
Extent vi, 72 p.:
Other physical details ill.;
Dimensions 21cm.
500 ## - GENERAL NOTE
General note Includes index.
505 ## - FORMATTED CONTENTS NOTE
Formatted contents note Contents: Introduction -- Is Accountancy the job for you? -- The Structure of the accountancy profession -- The Future of the accountancy profession -- Getting started -- Ten top tips for getting into the industry -- Qualifications available -- How, what and where to study -- Useful addresses -- Further reading.
650 ## - SUBJECT ADDED ENTRY--TOPICAL TERM
Topical term following geographic name entry element Accountancy.
942 ## - ADDED ENTRY ELEMENTS (KOHA)
Source of classification or shelving scheme Library of Congress Classification
Koha item type Books
Holdings
Withdrawn status Lost status Source of classification or shelving scheme Damaged status Not for loan Home library Current library Shelving location Date acquired Total Checkouts Full call number Barcode Date last seen Copy number Price effective from Koha item type
    Library of Congress Classification     WISCONSIN INTERNATIONAL UNIVERSITY COLLEGE, GHANA - MAIN LIBRARY WISCONSIN INTERNATIONAL UNIVERSITY COLLEGE, GHANA - MAIN LIBRARY Reference 12/10/2012   HF5616.U5 T21 6222/12 12/10/2012 1 12/10/2012 Books
    Library of Congress Classification     WISCONSIN INTERNATIONAL UNIVERSITY COLLEGE, GHANA - MAIN LIBRARY WISCONSIN INTERNATIONAL UNIVERSITY COLLEGE, GHANA - MAIN LIBRARY Reference 12/10/2012   HF5616.U5 T21 6223/12 12/10/2012 2 12/10/2012 Books

If you have any concerns or questions; kindly contact the library


© Powered by WIUC ICT DIRECTORATE